Statistiques concernant Alphabet militaire

Cliquez ici pour prendre le quiz!

Statistiques générales

  • Ce quiz a été pris 56 fois
  • Le résultat moyen est 16 sur 26

Statistiques - réponses

AlphabetCode international% Correct
AAlpha
96%
CCharlie
88%
DDelta
85%
BBravo
77%
TTango
75%
FFoxtrot
69%
PPapa
67%
EEcho
65%
IIndia
65%
JJuliette
60%
LLima
60%
RRoméo
60%
GGolf
58%
SSierra
58%
XX-Ray
58%
HHotel
56%
OOscar
56%
KKilo
54%
NNovember
54%
YYankee
52%
ZZulu
52%
WWhisky
50%
MMike
48%
UUniform
48%
QQuebec
46%
VVictor
40%

Distribution des résultats

Percentile par nombre de réponses

% des personnes avec chaque résultat

Votre développement - résultats

Vous n’avez pas pris ce quiz